01353cam a22003011a 4500001001300000003000400013005001700017008004100034010001700075035001800092040007200110042001200182043001200194050002700206051001800233082001200251245011300263260009800376300003400474490006600508501015300574504005300727650002900780650004000809710012400849830006100973999001701034e 57000047 DLC20260227111236.0720208s1957 dcua b f000 0 eng c ae 57000047  a(OCoLC)236534 aU.S. Office of Education. LibrarycODaWUdOCoLCdNBrockUdPPiUdDLC apremarc ae-ur---00aL111b.A6 1957, no. 14 aLA831.82b.U5 a370.94700aEducation in the USSR /cby Division of International Education, International Educational Relations Branch. aWashington, D.C. :bU.S. Dept. of Health, Education, and Welfare, Office of Education,c1957. axiv, 226 p. :bill. ;c24 cm.1 aBulletin / United States, Office of Education ;v1957, no. 14 aCopy 2 with: Costs of attending college / Victor Ernest Hollis. Washington : Govt. Print. Off., 1957. Bound together subsequent to publication.5DLC aIncludes bibliographical references (p. 224-226) 0aEducationzSoviet Union. 0aVocational educationzSoviet Union.1 aUnited States.bOffice of Education.bDivision of International Education.bInternational Educational Relations Branch. 0aBulletin (United States. Office of Education) ;vno. 14. c22286d22286